Zvyšovanie výkonnosti a konkurenčnej schopnosti ekonomiky SR po vstupe do EÚ (realita a možnosti) [záverečná správa] : doba riešenia január 2006 - december 2006

Guardado en:
Detalles Bibliográficos
Autor principal: Fifeková, Elena
Otros Autores: Blašková, Mária, Holková, Vieroslava, Lábaj, Martin, 1982-, Donoval, Milan
Formato: Libro
Lenguaje:eslovaco
Publicado: Bratislava 2006
Materias:
Etiquetas: Agregar Etiqueta
Sin Etiquetas, Sea el primero en etiquetar este registro!

MARC

LEADER 00000nam a2200000 4500
001 0172118
005 20241003140652.8
041 0 |a slo 
044 |a SK 
245 1 0 |a Zvyšovanie výkonnosti a konkurenčnej schopnosti ekonomiky SR po vstupe do EÚ (realita a možnosti)  |b [záverečná správa] : doba riešenia január 2006 - december 2006  |c zodpovedný riešiteľ Elena Fifeková 
264 1 |a Bratislava  |c 2006 
300 |a [55 s.] 
610 2 0 |a výkonnosť ekonomiky 
610 2 0 |a konkurencieschopnosť 
610 2 0 |a ekonomika znalostná 
610 2 0 |a globalizácia 
610 2 0 |a vývoj hospodársky 
610 2 0 |a obchod zahraničný 
610 2 0 |a potenciál ľudský 
100 1 |a Fifeková, Elena 
700 1 |a Blašková, Mária 
700 1 |a Holková, Vieroslava 
700 1 |a Lábaj, Martin, 1982- 
700 1 |a Donoval, Milan